Principles of nanophotonics /

Bibliographic Details
Other Authors: Ohtsu, Motoichi
Format: Book
Language:English
Published: Boca Raton : CRC Press/Taylor & Francis, c2008.
Series:Series in optics and optoelectronics
Subjects:
Classic Catalogue: View this record in Classic Catalogue
LEADER 00921nam a2200241 a 4500
001 15058080
008 100104s2008 flua b 001 0 eng d
010 |a  2007044308 
020 |a 9781584889724 (alk. paper) 
020 |a 1584889721 (alk. paper) 
040 |a DLC  |c DLC  |d DLC  |d BD-DhAAL 
082 0 0 |a 621.36  |2 22 
245 0 0 |a Principles of nanophotonics /  |c Motoichi Ohtsu ... [et al.]. 
260 |a Boca Raton :  |b CRC Press/Taylor & Francis,  |c c2008. 
300 |a 228 p. :  |b ill. ;  |c 25 cm. 
490 1 |a Series in optics and optoelectronics 
504 |a Includes bibliographical references and index. 
541 1 |e 00019715 
650 0 |a Nanophotonics. 
700 1 |a Ohtsu, Motoichi. 
852 4 |a Ayesha Abed Library  |j General shelf  
999 |c 6679  |d 6679 
952 |0 0  |1 0  |2 ddc  |4 0  |6 621_360000000000000_PRI_2008  |7 0  |9 6848  |a BRACUL  |b BRACUL  |c GEN  |d 2010-01-04  |l 3  |m 38  |o 621.36 PRI  |p 3010019715  |r 2020-12-09  |s 2019-09-29  |t 1  |w 2010-01-04  |y BK